[Event "The Mikhail Tal Memorial KO Tournament"]
[Site "SchemingMind.com"]
[Date "2006.12.04"]
[Round "-"]
[White "erikbrynolfson"]
[Black "sidra"]
[Result "1-0"]
[WhiteCountry "USA"]
[BlackCountry "HUN"]
[WhiteElo "1695"]
[WhiteRD "60"]
[BlackElo "1616"]
[BlackRD "80"]
[GameID "79869"]

1. b3 d5 2. Bb2 f6 3. e3 e5 4. Nc3 c6 5. f4 Bd6 6. Nf3 exf4 7. Qe2 fxe3 8. Qxe3+ Ne7 9. O-O-O O-O 10. h3 Nf5
11. Qd3 Ng3 12. Rg1 Bf5 13. Qd4 Nxf1 14. Rgxf1 Re8 15. g4 Bg6 16. Nh4 Be5 17. Qg1 Bf7 18. Nf5 h6 19. Nh4 b6 20. Nf3 Bxc3
21. Bxc3 c5 22. h4 d4 23. Bb2 Nc6 24. g5 fxg5 25. hxg5 hxg5 26. Nxg5 Bh5 27. Rde1 Rxe1+ 28. Rxe1 g6 29. Re4 Qf6 30. Re6 Qf5
31. Rxc6 Rf8 32. Kb1 Qd5 33. Rc7 a5 34. Nh7 Rf5 35. Qe1 Qe5 36. Qxe5 Rxe5 37. Nf6+ Kf8 38. Nd7+ Ke8 39. Nxe5 Kf8 40. Rc6 g5
41. Rxb6 g4 42. Nxg4 Bxg4 43. Rb5 Be2 44. Rxc5 d3 45. Rxa5 dxc2+ 46. Kxc2 Bg4 47. Re5 Kf7 48. b4 Be6 49. a4 Ke7 50. a5 Kd6
51. Rxe6+ Kxe6 52. a6
1-0

[Event "The Mikhail Tal Memorial KO Tournament"]
[Site "SchemingMind.com"]
[Date "2006.12.25"]
[Round "-"]
[White "C. H. O'D. Schlechter"]
[Black "fishofchaos"]
[Result "1-0"]
[WhiteCountry "USA"]
[BlackCountry "ENG"]
[WhiteElo "2320"]
[WhiteRD "65"]
[BlackElo "1607"]
[BlackRD "60"]
[GameID "82888"]

1. c4 c5 2. g3 Nc6 3. Bg2 d6 4. e3 Nf6 5. Nc3 e6 6. d4 cxd4 7. exd4 Be7 8. Nge2 Bd7 9. O-O O-O 10. Be3 Qc7
11. b3 a6 12. Nf4 Rfe8 13. d5 exd5 14. Ncxd5 Qb8 15. Nb6 Ne5 16. Nxa8 Qxa8 17. Nd5 Nxd5 18. Bxd5 Bc6 19. f4 Nd7 20. Qh5 Bxd5
21. Qxd5 Qb8 22. Bd4 Bf6 23. Rad1 Re2 24. Bxf6 Nxf6 25. Qxd6 Qxd6 26. Rxd6 h6 27. Rf2 Re1+ 28. Kg2 Ng4 29. Rfd2
1-0

[Event "The Mikhail Tal Memorial KO Tournament"]
[Site "SchemingMind.com"]
[Date "2006.12.25"]
[Round "-"]
[White "fishofchaos"]
[Black "C. H. O'D. Schlechter"]
[Result "0-1"]
[WhiteCountry "ENG"]
[BlackCountry "USA"]
[WhiteElo "1607"]
[WhiteRD "60"]
[BlackElo "2320"]
[BlackRD "65"]
[GameID "82898"]

1. d4 f5 2. g3 Nf6 3. Bg2 e6 4. c4 c6 5. Nf3 d5 6. Qc2 Bd6 7. O-O O-O 8. c5 Bc7 9. Nc3 Ne4 10. Ne5 Nxc5
11. Nxc6 Nxc6 12. dxc5 Be5 13. f4 Bf6 14. e3 Qa5 15. Na4 Nb4 16. Qb3 Na6 17. Qc2 Bd7 18. Nc3 Qxc5 19. Bd2 d4 20. Bxb7 Nb4
21. Qc1 dxc3 22. Bxa8 Nd3 23. Qc2 cxb2 24. Qxc5 Nxc5 25. Rad1 Rxa8 26. Bb4 Nd3 27. Rxd3 Bb5
0-1

[Event "The Mikhail Tal Memorial KO Tournament"]
[Site "SchemingMind.com"]
[Date "2007.01.30"]
[Round "-"]
[White "C. H. O'D. Schlechter"]
[Black "erikbrynolfson"]
[Result "1-0"]
[WhiteCountry "USA"]
[BlackCountry "USA"]
[WhiteElo "2334"]
[WhiteRD "70"]
[BlackElo "1667"]
[BlackRD "58"]
[GameID "89242"]

1. d4 Nf6 2. c4 e6 3. Nc3 Bb4 4. Qc2 O-O 5. a3 Bxc3+ 6. Qxc3 d5 7. Bg5 h6 8. Bxf6 Qxf6 9. e3 b6 10. cxd5 Ba6
11. Bxa6 Nxa6 12. Qc4 Nc5 13. dxc5 Qxb2 14. Qc1 Qb5 15. dxe6 Qa5+ 16. Qd2 Qxd2+ 17. Kxd2 fxe6 18. Nf3 Rad8+ 19. Ke2 Rd5 20. c6 a5
21. Rhd1 Rc5 22. Rac1 Rb5 23. Rd7 Rc8 24. Nd4 Rb2+ 25. Rc2
1-0

[Event "The Mikhail Tal Memorial KO Tournament"]
[Site "SchemingMind.com"]
[Date "2007.01.30"]
[Round "-"]
[White "erikbrynolfson"]
[Black "C. H. O'D. Schlechter"]
[Result "0-1"]
[WhiteCountry "USA"]
[BlackCountry "USA"]
[WhiteElo "1667"]
[WhiteRD "58"]
[BlackElo "2334"]
[BlackRD "70"]
[GameID "89252"]

1. c4 e6 2. Nc3 f5 3. d4 Nf6 4. g3 Bb4 5. Qc2 O-O 6. a3 Bxc3+ 7. Qxc3 Ne4 8. Qd3 b6 9. Bg2 d5 10. Nf3 Ba6
11. b3 c5 12. O-O Nc6 13. dxc5 bxc5 14. Qc2 Nd4 15. Nxd4 cxd4 16. Bb2 dxc4 17. bxc4 Rc8 18. Bxe4 Rxc4 19. Qb1 fxe4 20. Qxe4 e5
21. f4 Re8 22. fxe5 d3 23. Qxd3 Qb6+ 24. Bd4 Rxd4 25. Qe3 Rxe5 26. Qf2 Rf5 27. Qxf5 Rf4+ 28. Kg2 Bb7+ 29. Kh3 Qh6+
0-1

[Event "The Mikhail Tal Memorial KO Tournament"]
[Site "SchemingMind.com"]
[Date "2007.02.12"]
[Round "-"]
[White "Ilang"]
[Black "Orange Lion"]
[Result "1/2-1/2"]
[WhiteCountry "HUN"]
[BlackCountry "NED"]
[WhiteElo "2209"]
[WhiteRD "66"]
[BlackElo "2243"]
[BlackRD "71"]
[GameID "91821"]

1. e4 e6 2. d4 d5 3. exd5 exd5 4. Nf3 Nf6 5. Bd3 Bd6 6. O-O O-O 7. h3 c5 8. dxc5 Bxc5 9. Nc3 Nc6 10. Re1 Qc7
11. Be3 Bxe3 12. Rxe3 Qb6 13. Na4 Qa5 14. c3= Bd7 15. b4 Nxb4 16. cxb4 Qxa4 17. Qxa4 Bxa4 18. Re7 Rab8 19. Rc1 Rfe8 20. Rxe8+ Bxe8
21. Rc7 Bd7 22. a3 g6 23. g4 h6 24. Ne5= Be6 25. f4 d4 26. f5 gxf5 27. gxf5 Bb3 28. Kf2 a6 29. Nf3 Bd1=
1/2-1/2

[Event "The Mikhail Tal Memorial KO Tournament"]
[Site "SchemingMind.com"]
[Date "2007.02.12"]
[Round "-"]
[White "Orange Lion"]
[Black "Ilang"]
[Result "1/2-1/2"]
[WhiteCountry "NED"]
[BlackCountry "HUN"]
[WhiteElo "2243"]
[WhiteRD "71"]
[BlackElo "2209"]
[BlackRD "66"]
[GameID "91831"]

1. e4 e5 2. Nf3 Nc6 3. Bb5 a6 4. Ba4 Nf6 5. O-O Be7 6. Re1 b5 7. Bb3 d6 8. c3 O-O 9. h3 Na5 10. Bc2 c5
11. d4 cxd4 12. cxd4 Qc7 13. Nbd2 Bd7 14. Nf1 Rac8 15. Ne3 Rfe8 16. b3 Nc6 17. Bb2 Qb7= 18. Rc1 Bd8 19. d5 Nb4 20. Bb1 Rxc1
21. Qxc1 a5 22. Ba3 Bb6 23. Bxb4 axb4 24. Qd2 Qc7 25. Rc1 Qa7 26. Nh4 Nh5 27. Nef5 Bc5 28. Rf1 Nf4 29. Ng3=
1/2-1/2

[Event "The Mikhail Tal Memorial KO Tournament"]
[Site "SchemingMind.com"]
[Date "2007.02.23"]
[Round "-"]
[White "1tamad"]
[Black "chesshub"]
[Result "0-1"]
[WhiteCountry "USA"]
[BlackCountry "FRA"]
[WhiteElo "1834"]
[WhiteRD "164"]
[BlackElo "2341"]
[BlackRD "69"]
[GameID "93124"]

1. d4 Nf6 2. e3 d5 3. Bd3 c5 4. c3 Nc6 5. f4 Bg4 6. Nf3 e6 7. Nbd2 Bd6 8. O-O cxd4 9. cxd4 Rc8 10. a3 O-O
11. b4 Ne7 12. Qa4 Rc3 13. Bb1 Rxe3 14. Ne5 Be2 15. Re1 Bb5 16. Qd1 Ba4
0-1

[Event "The Mikhail Tal Memorial KO Tournament"]
[Site "SchemingMind.com"]
[Date "2007.03.01"]
[Round "-"]
[White "Dan Geana"]
[Black "agrillage"]
[Result "1-0"]
[WhiteCountry "ROU"]
[BlackCountry "MLT"]
[WhiteElo "2177"]
[WhiteRD "106"]
[BlackElo "2010"]
[BlackRD "76"]
[GameID "94192"]

1. Nf3 c5 2. e4 g6 3. d4 cxd4 4. Nxd4 Bg7 5. Nc3 Nc6 6. Be3 Nf6 7. Bc4 Qa5 8. O-O O-O 9. Bb3 d6 10. h3 Bd7
11. f4 Qh5 12. Nf3 b5 13. a3 a5 14. Qd3 a4 15. Bd5 Nxd5 16. exd5 Na5 17. Bd4 Qh6 18. Rae1 Nc4 19. Rxe7 Bf5 20. Qe2 Qxf4
21. Bxg7 Kxg7 22. Nxb5 Nxb2 23. Nfd4 Qg3 24. Rxf5
1-0

[Event "The Mikhail Tal Memorial KO Tournament"]
[Site "SchemingMind.com"]
[Date "2007.03.01"]
[Round "-"]
[White "agrillage"]
[Black "Dan Geana"]
[Result "1/2-1/2"]
[WhiteCountry "MLT"]
[BlackCountry "ROU"]
[WhiteElo "2044"]
[WhiteRD "80"]
[BlackElo "2168"]
[BlackRD "104"]
[GameID "94196"]

1. c4 e5 2. g3 Nf6 3. Bg2 d5 4. cxd5 Nxd5 5. Nc3 Nb6 6. Nf3 Nc6 7. O-O Be7 8. a3 O-O 9. b4 Be6 10. Rb1 f6
11. d3 Nd4 12. Nd2 c6 13. Nde4 Rf7 14. e3 Nb5 15. Nxb5 cxb5 16. Bb2 Na4 17. Ba1 Rc8 18. d4 exd4 19. Qxd4 a5 20. bxa5 Bxa3
21. Qxd8+ Rxd8 22. Bd4 b4 23. Nc5 Nxc5 24. Bxc5 Ba2 25. Ra1 Bb3 26. Bf3 Bc2 27. Bd1 Rd2 28. Bf3 Rfd7 29. Bd4 Kf7 30. Rfe1 Bb3
31. Reb1=
1/2-1/2

[Event "The Mikhail Tal Memorial KO Tournament"]
[Site "SchemingMind.com"]
[Date "2007.03.24"]
[Round "-"]
[White "chesshub"]
[Black "demiurg"]
[Result "1/2-1/2"]
[WhiteCountry "FRA"]
[BlackCountry "HUN"]
[WhiteElo "2335"]
[WhiteRD "73"]
[BlackElo "2360"]
[BlackRD "67"]
[GameID "97974"]

1. c4 Nf6 2. Nf3 c6 3. d4 d5 4. Nc3 e6 5. e3 Nbd7 6. Bd3 dxc4 7. Bxc4 b5 8. Bd3 Bb7 9. O-O b4 10. Ne4 Nxe4
11. Bxe4 Bd6 12. Qc2 Rc8 13. Rd1 Nf6 14. Bd3 c5 15. Qa4+ Bc6 16. Bb5 Qd7 17. Bxc6 Qxc6 18. Qxc6+ Rxc6 19. a3 Ra6 20. Bd2 bxa3
21. bxa3 cxd4 22. Nxd4 O-O 23. Nb5 Rc8 24. Nxd6 Rxd6 25. Be1 Rxd1 26. Rxd1 Kf8 27. Rb1 Ne4 28. Kf1 Nd6 29. Bb4 Ke7 30. f4 f6
31. Rd1 Rc6 32. Ke2 e5 33. g4 Ke6 34. f5+ Kd7 35. h4 Kc7 36. Kf3 h6 37. e4 a6=
1/2-1/2

[Event "The Mikhail Tal Memorial KO Tournament"]
[Site "SchemingMind.com"]
[Date "2007.03.24"]
[Round "-"]
[White "demiurg"]
[Black "chesshub"]
[Result "1-0"]
[WhiteCountry "HUN"]
[BlackCountry "FRA"]
[WhiteElo "2342"]
[WhiteRD "68"]
[BlackElo "2344"]
[BlackRD "72"]
[GameID "97985"]

1. e4 e6 2. d4 d5 3. Nd2 Be7 4. Ngf3 Nf6 5. e5 Nfd7 6. Bd3 c5 7. c3 Nc6 8. O-O a5 9. Re1 cxd4 10. cxd4 Qb6
11. Nb1 Nxd4 12. Nxd4 Qxd4 13. Nc3 Qb6 14. Qg4 Kf8 15. Nb5 Nc5 16. Be3 Bd7 17. Nd6 Bxd6 18. exd6 Rc8 19. Qg3 f6 20. Rac1 h5
21. Bg6 h4 22. Bxc5 Rxc5 23. Qa3 Rc6 24. Rxc6 Qxc6 25. Qxa5 b6 26. Qa7 Rh6 27. Qb8+ Qc8 28. Qxc8+ Bxc8 29. Rc1 Bd7 30. Bd3 Ke8
31. Rc7 f5 32. f4 g5 33. fxg5 Rg6 34. Rb7 Bc6 35. Re7+ Kd8 36. b4 d4 37. Rc7 Be4 38. Bb5 e5 39. Rd7+ Kc8 40. Kf2 Bb7
41. Rc7+ Kb8 42. Re7 Rxd6 43. Rxe5 d3 44. Ba4 Be4 45. Re8+ Kc7 46. Rh8 Rd4 47. Rh7+ Kd6 48. Rd7+ Ke5 49. Rxd4 Kxd4 50. g6 Bd5
51. a3 f4 52. g7 Kc3 53. Bc6 Bc4 54. b5 Kb3 55. Ke1 Kc3 56. Bf3 d2+ 57. Kf2 Kb3 58. Be2 Bd5 59. Bd1+ Kxa3 60. Ke2 Kb4
61. Kxd2 Kc4 62. Kc2 Bg8 63. Kb2 Kb4 64. Be2 Be6 65. Kc2
1-0

[Event "The Mikhail Tal Memorial KO Tournament"]
[Site "SchemingMind.com"]
[Date "2007.05.28"]
[Round "-"]
[White "Oskyrain"]
[Black "Mekk"]
[Result "1/2-1/2"]
[WhiteCountry "ARG"]
[BlackCountry "POL"]
[WhiteElo "2089"]
[WhiteRD "87"]
[BlackElo "1837"]
[BlackRD "69"]
[GameID "106724"]

1. e4 c5 2. Nf3 Nc6 3. d4 cxd4 4. Nxd4 Nf6 5. Nc3 e5 6. Ndb5 d6 7. Bg5 a6 8. Bxf6 gxf6 9. Na3 b5 10. Nd5 f5
11. c4 b4 12. Qa4 Bd7 13. Nb5 axb5 14. Qxa8 Qxa8 15. Nc7+ Kd8 16. Nxa8 Nd4 17. Rd1 Bh6 18. Be2 Bc6 19. Nb6 Kc7 20. Nd5+ Bxd5
21. exd5 Nxe2 22. Kxe2 bxc4 23. Rc1 Bxc1 24. Rxc1 c3 25. bxc3 bxc3 26. Rxc3+ Kd7 27. Ra3 Rb8 28. Ra7+ Ke8 29. Ra5 Ke7 30. Ke3 Rb4
31. g3 h5 32. Ra7+ Kf6 33. Ra6 Ke7 34. Ra5 h4 35. a4 hxg3 36. hxg3=
1/2-1/2

[Event "The Mikhail Tal Memorial KO Tournament"]
[Site "SchemingMind.com"]
[Date "2007.05.29"]
[Round "-"]
[White "Mekk"]
[Black "Oskyrain"]
[Result "0-1"]
[WhiteCountry "POL"]
[BlackCountry "ARG"]
[WhiteElo "1837"]
[WhiteRD "69"]
[BlackElo "2089"]
[BlackRD "87"]
[GameID "106732"]

1. e4 e6 2. d4 d5 3. Nc3 Bb4 4. e5 Ne7 5. Bd2 c5 6. Nb5 Bxd2+ 7. Qxd2 O-O 8. dxc5 a6 9. Nd6 Nd7 10. Qc3 Qc7
11. Nf3 Qxc5 12. Qxc5 Nxc5 13. c4 dxc4 14. Bxc4 b5 15. Be2 Nb7 16. O-O-O Nxd6 17. exd6 Nd5 18. Ne5 Rd8 19. Nc6 Rxd6 20. Ne7+ Kf8
21. Nxd5 exd5 22. Bf3 Bf5 23. b4 Rc8+ 24. Kb2 Rc2+ 25. Ka1 d4 26. Rhe1 d3 27. Re5 Be6 28. Rxe6 Rxe6 29. Rxd3 Re1+ 30. Rd1 Rxd1+
0-1

[Event "The Mikhail Tal Memorial KO Tournament"]
[Site "SchemingMind.com"]
[Date "2007.10.09"]
[Round "-"]
[White "Oskyrain"]
[Black "C. H. O'D. Schlechter"]
[Result "0-1"]
[WhiteCountry "ARG"]
[BlackCountry "USA"]
[WhiteElo "2151"]
[WhiteRD "88"]
[BlackElo "2384"]
[BlackRD "65"]
[GameID "123208"]

1. e4 c6 2. d4 d5 3. e5 c5 4. Nf3 Nc6 5. Bb5 cxd4 6. Nxd4 Bd7 7. e6 fxe6 8. Bxc6 bxc6 9. Qh5+ g6 10. Qe5 Nf6
11. Nxe6 Bxe6 12. Qxe6 Qd7 13. Qe2 Bg7 14. O-O O-O 15. Nd2 Nh5 16. Nb3 Nf4 17. Qd1 e5 18. f3 Qf5 19. Nc5 Rf7 20. Nd3 Rb8
21. Rb1 g5 22. Be3 Qg6 23. Re1 Re8 24. a3 e4 25. fxe4 dxe4 26. Nf2 h5 27. Rf1 Nd5 28. Qe2 g4 29. Nd1 Rxf1+ 30. Qxf1 g3
31. h3 Rf8 32. Qa6 Qf5 33. Qe2 Rf7 34. c3 Be5 35. Qe1 Bf4 36. Bxf4 Nxf4 37. b4 e3 38. Nxe3 Ne2+ 39. Qxe2 Qxb1+ 40. Nf1 Kf8
41. a4 Rf2 42. Qa6 Kg7 43. Qc4 Qd1 44. Qd4+ Qxd4 45. cxd4 h4 46. Ne3 Re2
0-1

[Event "The Mikhail Tal Memorial KO Tournament"]
[Site "SchemingMind.com"]
[Date "2007.10.09"]
[Round "-"]
[White "C. H. O'D. Schlechter"]
[Black "Oskyrain"]
[Result "1/2-1/2"]
[WhiteCountry "USA"]
[BlackCountry "ARG"]
[WhiteElo "2384"]
[WhiteRD "65"]
[BlackElo "2151"]
[BlackRD "88"]
[GameID "123218"]

1. e4 e6 2. d4 d5 3. Nc3 dxe4 4. Nxe4 Nd7 5. Nf3 Ngf6 6. Bg5 Be7 7. Nxf6+ Bxf6 8. h4 h6 9. Bxf6 Nxf6 10. Qd2 Qd5
11. Bd3 Bd7 12. c4 Qd6 13. O-O-O Rd8 14. Rhe1 O-O 15. Ne5 Ba4 16. b3 Be8 17. g4 Nd7 18. Kb1 f5 19. g5 Qxd4 20. Nf3 Qg4
21. gxh6 Rf6 22. h7+ Kh8 23. Be2 Qe4+ 24. Kb2 e5 25. Qb4 Rb8 26. Qe7 Rf7 27. Qg5 Qc6 28. Qe3 Re7 29. Qxa7 e4 30. Ng5 b6
31. Qa3 Nc5 32. Kc1 Qh6 33. Rh1 Bh5 34. Bxh5 Qxh5 35. Kb1 Qe2 36. Qc1 Nd3 37. Qc3 Qh5 38. Qc2 Rd8 39. Rd2 Red7 40. Qd1 Qe8
41. Qe2 Rd4 42. Rg1=
1/2-1/2

[Event "The Mikhail Tal Memorial KO Tournament"]
[Site "SchemingMind.com"]
[Date "2007.10.11"]
[Round "-"]
[White "Dan Geana"]
[Black "demiurg"]
[Result "0-1"]
[WhiteCountry "ROU"]
[BlackCountry "HUN"]
[WhiteElo "2265"]
[WhiteRD "99"]
[BlackElo "2329"]
[BlackRD "67"]
[GameID "123476"]

1. Nf3 d5 2. g3 Nf6 3. Bg2 c6 4. O-O Bg4 5. d3 Nbd7 6. Nbd2 e6 7. e4 Be7 8. h3 Bh5 9. Qe1 dxe4 10. dxe4 O-O
11. Nc4 Bxf3 12. Bxf3 b5 13. Na5 Qc7 14. Bf4 Bd6 15. Bxd6 Qxd6 16. Rd1 Qc7 17. c4 a6 18. Qc3 Rac8 19. b4 c5 20. cxb5 axb5
21. bxc5 Qxc5 22. Qxc5 Rxc5 23. Rd2 Ne5 24. Bg2 b4 25. Nb3 Rc3 26. Rfd1 g6 27. Rd4 Rb8 28. Rd8+ Rxd8 29. Rxd8+ Kg7 30. Rd4 Nc6
31. Rd6 g5 32. Kf1 Rc4 33. Ke2 h6 34. Kd2 Kf8 35. Ke3 g4 36. hxg4 Nxg4+ 37. Ke2 Rc2+ 38. Rd2 Rc3 39. Bh3 Nge5 40. Kd1 Nf3
41. Rc2 Rd3+ 42. Ke2 Rxb3 43. axb3 Nfd4+ 44. Kd3 Nxc2 45. Kxc2 Nd4+ 46. Kb2 Ke7 47. Bg4 Kd6 48. Bh3 Ke5 49. Bg2 Nc6 50. Kc2 Kd4
51. Kd2 Na5 52. Kc2 Nb7 53. e5 Nc5 54. f4 Ke3 55. Bc6 Kf2 56. g4 Ke3 57. g5 hxg5 58. fxg5 Nd3 59. Bb5 Nxe5 60. Be8 Nf3
61. Bxf7 Nxg5 62. Bg6 e5
0-1

[Event "The Mikhail Tal Memorial KO Tournament"]
[Site "SchemingMind.com"]
[Date "2007.10.11"]
[Round "-"]
[White "demiurg"]
[Black "Dan Geana"]
[Result "0-1"]
[WhiteCountry "HUN"]
[BlackCountry "ROU"]
[WhiteElo "2292"]
[WhiteRD "69"]
[BlackElo "2265"]
[BlackRD "100"]
[GameID "123482"]

1. e4 c5 2. Nf3 d6 3. d4 cxd4 4. Nxd4 Nf6 5. Nc3 a6 6. Be3 Ng4 7. Bg5 h6 8. Bh4 g5 9. Bg3 Bg7 10. h3 Ne5
11. Qd2 Nbc6 12. O-O-O Nxd4 13. Qxd4 Be6 14. Nd5 Rc8 15. Kb1 O-O 16. Qb4 Nc6 17. Qa3 Nd4 18. Bd3 Rc5 19. c3 Nb5 20. Qb4 a5
21. Qb3 Bxd5 22. exd5 Qb6 23. c4 a4 24. Qb4 Bc3 25. Qxa4 Nd4 26. Qa3 Bb4 27. Bh7+ Kxh7 28. Qd3+ Kg8 29. Qxd4 Ra8 30. Qe3 Qa6
31. a3 Rxc4 32. h4 Bxa3
0-1

[Event "The Mikhail Tal Memorial KO Tournament"]
[Site "SchemingMind.com"]
[Date "2008.02.15"]
[Round "-"]
[White "Dan Geana"]
[Black "C. H. O'D. Schlechter"]
[Result "1-0"]
[WhiteCountry "ROU"]
[BlackCountry "USA"]
[WhiteElo "2327"]
[WhiteRD "103"]
[BlackElo "2391"]
[BlackRD "69"]
[GameID "141236"]

1. Nf3 Nf6 2. g3 d5 3. Bg2 c6 4. O-O Bf5 5. d3 h6 6. Nbd2 e6 7. Qe1 Bc5 8. e4 Bh7 9. Qe2 O-O 10. b3 Be7
11. Bb2 Qc7 12. Ne5 Nbd7 13. f4 Rfd8 14. Nxd7 Nxd7 15. a4 Qa5 16. Rac1 Rac8 17. Kh1 Bf6 18. e5 Be7 19. g4 Re8 20. Nf3 Bb4
21. g5 hxg5 22. Nxg5 Bg6 23. Rg1 Bc3 24. Bxc3 Qxc3 25. Qf2 Qc5 26. Qg3 Qe7 27. h4 Nf8 28. Bh3 f5 29. Qf3 Kh8 30. h5 Bf7
31. Bf1 Nh7 32. Be2 Rg8 33. Qh3 Nxg5 34. fxg5
1-0

[Event "The Mikhail Tal Memorial KO Tournament"]
[Site "SchemingMind.com"]
[Date "2008.02.15"]
[Round "-"]
[White "C. H. O'D. Schlechter"]
[Black "Dan Geana"]
[Result "1/2-1/2"]
[WhiteCountry "USA"]
[BlackCountry "ROU"]
[WhiteElo "2386"]
[WhiteRD "71"]
[BlackElo "2283"]
[BlackRD "98"]
[GameID "141245"]

1. e4 c5 2. c3 Nf6 3. e5 Nd5 4. d4 cxd4 5. Nf3 Nc6 6. Bc4 Nb6 7. Bb3 d5 8. exd6 Qxd6 9. O-O Be6 10. Bxe6 Qxe6
11. Nxd4 Nxd4 12. Qxd4 Rd8 13. Qh4 Qe2 14. Bd2 e6 15. Re1 Qb5 16. b3 Be7 17. Qe4 Qd5 18. Qxd5=
1/2-1/2